00261nam a2200097Ia 4500008004100000020001500041100001900056245004600075260003400121300000800155130524s9999 xx 000 0 und d a9966788123 a"Oketch, Seth" a"Understanding and treatment, drug abuse" bChez Promotion ltdcc. 2008 a108